| 000 | 00585nam a2200229 a 4500 | ||
|---|---|---|---|
| 999 |
_c6648 _d6648 |
||
| 001 | 6648 | ||
| 003 | BD-JhCC | ||
| 005 | 20180127175725.0 | ||
| 008 | 180127m19651966xx 000 0 und d | ||
| 035 | _a(BD-JhCC)6648 | ||
| 040 |
_aBD-JhCC _cEQO _dBD-JhCC |
||
| 041 | _aeng | ||
| 082 |
_a428.2 _bCAI 1966 |
||
| 100 | 1 | _aCairns, John C. | |
| 245 | 1 | 0 |
_aDrills and practice in English language / _c[by] J. Cairns and J. Munonye |
| 260 |
_aLagos, _c1965-66 |
||
| 300 |
_a54 p. : _c26 cm. |
||
| 650 | _aEnglish Language | ||
| 700 | 1 | _aMunonye, J. | |
| 942 |
_2ddc _cBK |
||